| 000 | 01566nam a22002417a 4500 | ||
|---|---|---|---|
| 003 | DO-SdBNP | ||
| 005 | 20220601093630.0 | ||
| 008 | 091125s201u dr 001 0 spa d | ||
| 020 | _a9789945606263 | ||
| 040 |
_aDO-SdBNP _bspa _cBNPHU |
||
| 082 |
_axxxx _bxxxx |
||
| 110 | 1 |
_aRepública Dominicana _9447 |
|
| 240 | 1 | 3 | _aLey 155-17 contra lavado de activos y financiamiento al terrorismo |
| 245 | 1 | 0 |
_aLey 155-17 contra lavado de activos y financiamiento al terrorismo : _bparte ley 72-02, decreto 408-17, decreto 407-17 /. |
| 260 |
_aSanto Domingo : _bDalis, _bLibreria Delma _c[2017]. |
||
| 300 |
_a99 P. ; _c21 cm. |
||
| 500 | _aParte Ley 72-02 (artículos que permanecerán vigentes hasta tanto se dicte la Ley sobre administración y disposición de bienes incautados, decomisados y abandonados). | ||
| 500 | _aDec. 408-17 reglamento de la Ley 155-17 contra lavado de activos, el financiamiento al terrorismo y la proliferación de armas de destrucción masiva. | ||
| 500 | _aDec. 407-17 reglamento para la aplicación de medidas en materia de congelamiento preventivo de bienes o activos relacionados con el terrorismo y su financiamiento y con la financiación de la proliferación de armas de destrucción masiva, conforme las resoluciones del consejo de seguridad de las naciones unidas 1267 (1999), y 1989 (2011) y sucesivas, resolución 1988 (2011) y sucesivas, resolución 1373 (2001) y sucesivas, resolución 1718 (2006) y sucesivas, y resolución 2231 (2015) | ||
| 590 | _aInventariado, 2022/ YL | ||
| 910 | _aYLockward | ||
| 942 |
_2ddc _cLBS1 |
||
| 999 |
_c51866 _d51866 |
||